|
|
|
|
| LEADER |
00000cam a2200000 7i4500 |
| 001 |
0000000745 |
| 005 |
20000930.0 |
| 090 |
0 |
0 |
|a 499.235
|b TAT 1987
|
| 245 |
0 |
0 |
|a TATABAHASA Dewan :
|b Jilid 1 : ayat
|c Nik Safiah Karim ... (et al.)
|
| 260 |
0 |
0 |
|a Kuala Lumpur :
|b DBP ,
|c 1987
|
| 300 |
|
|
|a xxvii, 266 p. :
|b ill. ;
|c 22 cm.
|
| 500 |
0 |
0 |
|a Bibliography: [p.257-261] and index
|
| 650 |
0 |
0 |
|a Bahasa Malaysia
|x Grammar
|
| 650 |
0 |
0 |
|a Bahasa Malaysia
|x Usage
|
| 700 |
0 |
1 |
|a Nik Safiah binti Nik Abdul Karim
|f Dato'
|
| 999 |
|
|
|a 0000000008
|b Monograph
|c Open Shelf
|e Default branch
|
| 999 |
|
|
|a 0000000009
|b Monograph
|c Reference
|e Default branch
|